Most Populous Countries Never Visited by a U.S. President - Statistics

General Stats
  • This quiz has been taken 113 times
  • The average score is 10 of 15
Answer Stats
Continent Population Country % Correct
Africa 92,378,000 Democratic Republic of the Congo
94%
Africa 24,112,753 Niger
83%
Africa 44,084,810 Sudan
78%
Africa 44,700,000 Algeria
77%
Africa 20,856,000 Mali
75%
Africa 32,097,671 Angola
74%
Asia 35,297,281 Uzbekistan
66%
Africa 24,348,251 Cameroon
65%
Africa 30,832,244 Mozambique
64%
Africa 26,923,353 Madagascar
62%
Asia 30,378,055 Nepal
60%
Africa 27,087,732 Ivory Coast
59%
Asia 30,491,000 Yemen
57%
Africa 21,510,181 Burkina Faso
56%
Asia 22,156,000 Sri Lanka
47%
No matching quizzes found
Score Distribution
Percent of People with Each Score
Percentile by Number Answered
Your Score History
You have not taken this quiz